Řídit svou kariéru aneb jaká úskalí a otázky očekávat a předvídat ?

Pojem riadenie kariéry sa týka prevažne manažérskych miest, teda prostredia, kde sa o zamestnaní, jeho vývoji a postupe hovorí. Rozvoju, rastu a kariére príliš nenahrávajú situácie, ktoré možno z pohľadu jednotlivca len ťažko ovplyvniť alebo predvídať pri plánovaní vlastnej kariéry. Jednou z nich je...

Descripción completa

Guardado en:
Detalles Bibliográficos
Autor principal: Rezlerová, Jaroslava
Formato: Capítulo de libro
Lenguaje:checo
Materias:
Etiquetas: Agregar Etiqueta
Sin Etiquetas, Sea el primero en etiquetar este registro!

MARC

LEADER 00000naa$a2200000$$$4500
001 0098872
005 20231113131823.7
041 0 |a cze 
044 |a CZ 
245 1 0 |a Řídit svou kariéru aneb jaká úskalí a otázky očekávat a předvídat ?  |c Jaroslava Rezlerová 
520 |a Pojem riadenie kariéry sa týka prevažne manažérskych miest, teda prostredia, kde sa o zamestnaní, jeho vývoji a postupe hovorí. Rozvoju, rastu a kariére príliš nenahrávajú situácie, ktoré možno z pohľadu jednotlivca len ťažko ovplyvniť alebo predvídať pri plánovaní vlastnej kariéry. Jednou z nich je aktuálna recesia. 
610 2 0 |a kariéra 
610 2 0 |a kríza hospodárska 
100 1 |a Rezlerová, Jaroslava